000 00727cam a2200277I 4500
001 46791
005 20230411085958.0
008 740226s2008 xx 000 0 eng c
035 _a(OCoLC)ocn255894620
040 _aBTCTA
_cBTCTA
_dDRPUC
020 _a9789211422603
020 _a9211422604
035 _a(OCoLC)255894620
082 _a327.1745
_bU58n
049 _aGRAL
245 0 4 _aThe United Nations Disarmament Yearbook 2007.
260 _bUnited Nations Pubns
_c2008.
300 _axxi, 178 p.
650 4 _aDesarme.
650 4 _aSeguridad internacional.
650 4 _aArmas atómicas.
938 _aBaker and Taylor
_bBTCP
_nBK0007944886
942 _2lcc
_cbk
994 _aC0
_bDRFGD
946 _aYSL
999 _c110383
_d110383